Statystyki dla Postacie z Aut

Kliknij tutaj aby rozwiązać quiz!

Ogólne statystyki

  • Ten quiz został rozwiązany 45 razy
  • Średni wynik to 8 z 15

Statystyki odpowiedzi

OpisPostać% Poprawnych
Najlepszy przyjaciel powyższegoZłomek
100%
Główny bohaterMcqueen
88%
Rywal Zygzaka w pierwszej częściMarucha
76%
Szef sklepu z oponami w Chłodnicy GórskiejLuigi
74%
Transporter ZygzakaManiek
69%
Dziewczyna ZygzakaSally
69%
Pełnił funkcję sędziego w Chłodnicy GórskiejHudson
62%
Najlepszy przyjaciel powyższegoGuido
52%
Rywal zygzaka w drugiej częściFrancesco
50%
Radiowóz w Chłodnicy GórskiejSzeryf
48%
Rywal Zygzaka w trzeciej częściStorm
45%
Jego prawdziwe imię to Strip ZawieruchaKról
36%
Była trenerka Zadoluksowego Centrum TreningowegoCruz
31%
Główny antagonista drugiej częściBaron
24%
Profesor pracujący dla głównego antagonisty drugiej częściZweitaktt
7%

Rozkład punktacji

Percentyl według liczby udzielonych odpowiedzi

Procent ludzi z każdym wynikiem

Twoja historia wyników

Nie rozwiązałeś tego quizu